[Event "SZKOLNE INDYWIDUALNE MISTRZOSTWA POLSKI "]
[Site "Pokrzywna"]
[Date "2024.??.??"]
[Round "5.4"]
[White "Gorska, Amelia"]
[Black "Skorupa, Antonina"]
[Result "0-1"]
[WhiteElo "1208"]
[BlackElo "1187"]
[PlyCount "82"]
[EventDate "2024.??.??"]

1. e4 c5 2. Nf3 e6 3. d4 cxd4 4. Nxd4 Nf6 5. Nc3 Nc6 6. Ndb5 a6 7. Nd6+ Bxd6 8.
Qxd6 Qe7 9. e5 Qxd6 10. exd6 Nb4 11. Kd1 Ng4 12. Be3 Nxe3+ 13. fxe3 b5 14. a3
Nc6 15. Ne4 Na5 16. Nc5 Nb7 17. Nxb7 Bxb7 18. Ke1 Rc8 19. c3 Bd5 20. Rd1 Rc6
21. Rg1 f5 22. g3 Rxd6 23. Bg2 Ke7 24. Kf2 Bxg2 25. Kxg2 Rxd1 26. Rxd1 Rc8 27.
Rd4 Rc4 28. Kh3 Rxd4 29. exd4 Kd6 30. Kg2 Kd5 31. b3 Ke4 32. Kf2 Kd3 33. c4
bxc4 34. bxc4 Kxd4 35. Kf3 Kxc4 36. Ke3 Kb3 37. Kd4 Kxa3 38. Kc3 d5 39. Kd4 Kb2
40. Kc5 a5 41. Kb5 d4 0-1

[Event "SZKOLNE INDYWIDUALNE MISTRZOSTWA POLSKI "]
[Site "Pokrzywna"]
[Date "2024.??.??"]
[Round "5.6"]
[White "Stolarz, Anna"]
[Black "Orlowska, Aleksandra"]
[Result "1/2-1/2"]
[WhiteElo "1056"]
[BlackElo "1115"]
[PlyCount "74"]
[EventDate "2024.??.??"]

1. d4 Nf6 2. Bf4 e6 3. Nf3 Be7 4. e3 Nc6 5. c3 O-O 6. Nbd2 d5 7. Bd3 a6 8. Ne5
Bd6 9. Bg3 Bxe5 10. dxe5 Nd7 11. f4 f6 12. Nf3 fxe5 13. fxe5 b5 14. O-O Bb7 15.
Qc2 h6 16. e4 Qe7 17. Rae1 b4 18. exd5 exd5 19. Qb3 Nb6 20. Nd4 Rxf1+ 21. Bxf1
bxc3 22. Nxc6 Bxc6 23. Qxc3 Bb7 24. e6 c6 25. Qb3 Nc8 26. Bd3 Qc5+ 27. Bf2 Qe7
28. Qa3 Qxa3 29. bxa3 Ne7 30. Bc5 Re8 31. Rb1 Bc8 32. Rb8 Kf8 33. Bg6 Rd8 34.
Bb6 Rd6 35. Bc5 Rd8 36. Bb6 Rd6 37. Bc5 Rd8 1/2-1/2

[Event "SZKOLNE INDYWIDUALNE MISTRZOSTWA POLSKI "]
[Site "Pokrzywna"]
[Date "2024.??.??"]
[Round "6.1"]
[White "Kochanowska, Patrycja"]
[Black "Skorupa, Antonina"]
[Result "1/2-1/2"]
[WhiteElo "1386"]
[BlackElo "1187"]
[PlyCount "131"]
[EventDate "2024.??.??"]

1. e4 c5 2. Nf3 Nc6 3. d4 cxd4 4. Nxd4 Nf6 5. Nc3 e5 6. Nb3 Bb4 7. Bd3 Bxc3+ 8.
bxc3 O-O 9. Bg5 h6 10. Bxf6 Qxf6 11. O-O d6 12. Be2 Ne7 13. Bf3 Ng6 14. g3 Bh3
15. Bg2 Bxg2 16. Kxg2 Rac8 17. Qd3 Qg5 18. Kh1 Rfd8 19. Rfd1 h5 20. Na5 b6 21.
Nc4 Rc6 22. Na3 Rdc8 23. c4 h4 24. Qb3 h3 25. Qb4 Qg4 26. Qc3 Qxe4+ 27. f3 Qf5
28. Qb3 a6 29. Rd3 e4 30. Re3 exf3 31. Rf1 Ne5 32. Rf2 Nxc4 33. Rexf3 Qe4 34.
Kg1 R6c7 35. Rf4 Qe1+ 36. Rf1 Qe3+ 37. Qxe3 Nxe3 38. Rb1 Nxc2 39. Ra4 Nxa3 40.
Rxa3 Rc2 41. g4 Rg2+ 42. Kh1 Rxg4 43. Rxh3 d5 44. Rd3 Rc5 45. h3 Rgc4 46. Rxb6
Rc1+ 47. Kg2 R1c2+ 48. Kg3 Rxa2 49. Kf4 a5 50. Ke5 a4 51. Ra6 a3 52. Raxa3 Rxa3
53. Rxa3 Kh7 54. Kd6 Rb5 55. Ke7 Rb7+ 56. Kd6 d4 57. Rd3 Rb4 58. Kc5 Ra4 59.
Kb5 Ra2 60. Rxd4 Rf2 61. Rh4+ Kg6 62. Kc4 f5 63. Kd4 Kg5 64. Rh7 Kg6 65. Rh4
Kg5 66. Rh7 1/2-1/2

[Event "SZKOLNE INDYWIDUALNE MISTRZOSTWA POLSKI "]
[Site "Pokrzywna"]
[Date "2024.??.??"]
[Round "6.2"]
[White "Tkacz, Katarzyna"]
[Black "Wisniewska, Blanka"]
[Result "1/2-1/2"]
[WhiteElo "1225"]
[BlackElo "1267"]
[PlyCount "61"]
[EventDate "2024.??.??"]

1. e4 c5 2. Nf3 e6 3. d4 cxd4 4. Nxd4 a6 5. Nc3 b5 6. g3 Bb7 7. Bg2 Nf6 8. O-O
b4 9. Nd5 Nc6 10. Nxc6 dxc6 11. Ne3 Bc5 12. Nc4 O-O 13. Bg5 h6 14. Bxf6 Qxf6
15. e5 Qe7 16. Na5 Qc7 17. Nxb7 Qxb7 18. Qf3 Rac8 19. Rad1 Qa7 20. Qf4 Be7 21.
Qc4 c5 22. Rd3 Rfd8 23. Rfd1 Qc7 24. f4 a5 25. b3 Qb6 26. Rd7 Rxd7 27. Rxd7 Rc7
28. Rd1 Rc8 29. Rd7 Rc7 30. Rd1 Rc8 31. Rd7 1/2-1/2

[Event "SZKOLNE INDYWIDUALNE MISTRZOSTWA POLSKI "]
[Site "Pokrzywna"]
[Date "2024.??.??"]
[Round "6.3"]
[White "Gorecka, Zuzanna"]
[Black "Opalka, Marta"]
[Result "1-0"]
[WhiteElo "1339"]
[BlackElo "1278"]
[PlyCount "89"]
[EventDate "2024.??.??"]

1. d4 d5 2. c4 c6 3. Nf3 Nf6 4. cxd5 cxd5 5. Nc3 e6 6. Bf4 Bd7 7. e3 Bb4 8. Bd3
Nc6 9. O-O O-O 10. Rc1 a6 11. a3 Be7 12. Na4 Nh5 13. Ne5 Nxf4 14. exf4 f5 15.
Nxd7 Qxd7 16. Nb6 Qd6 17. Nxa8 Rxa8 18. g3 Nxd4 19. Bxa6 bxa6 20. Qxd4 Bf6 21.
Qd2 Rb8 22. b4 a5 23. Rb1 axb4 24. axb4 Be7 25. b5 h5 26. h4 Qd7 27. Qe2 g6 28.
Rfc1 Rb6 29. Qd3 Kf7 30. Rc2 Bd6 31. Ra2 Rb8 32. b6 Rb7 33. Qd4 Qc6 34. Ra7 Bc7
35. Rxb7 Qxb7 36. Qc5 Bd8 37. Qd6 Ke8 38. Qxe6+ Be7 39. Re1 d4 40. Qg8+ Kd7 41.
Rxe7+ Kxe7 42. Qg7+ Kd6 43. Qxb7 d3 44. Qc7+ Ke6 45. Qd8 1-0

[Event "SZKOLNE INDYWIDUALNE MISTRZOSTWA POLSKI "]
[Site "Pokrzywna"]
[Date "2024.??.??"]
[Round "6.4"]
[White "Krzysztynska, Maria"]
[Black "Orlowska, Aleksandra"]
[Result "1-0"]
[WhiteElo "1319"]
[BlackElo "1115"]
[PlyCount "61"]
[EventDate "2024.??.??"]

1. e4 c5 2. Nc3 d6 3. f4 Nc6 4. Bc4 e6 5. d3 a6 6. a4 Nf6 7. Bd2 b6 8. Nf3 Bb7
9. O-O Be7 10. Qe1 Nd4 11. Bb3 Qc7 12. Qg3 Rg8 13. Nxd4 cxd4 14. Ne2 Qc5 15.
Kh1 e5 16. fxe5 dxe5 17. Rf5 g6 18. Rxe5 Nh5 19. Bxf7+ Kd7 20. Qg4+ Kd6 21.
Qe6+ Kc7 22. Rxc5+ Bxc5 23. Bxg8 Bc6 24. Rf1 Rf8 25. Rxf8 Bxf8 26. Qf7+ Bd7 27.
Qxf8 b5 28. Qc5+ Kd8 29. Bg5+ Nf6 30. Bxf6+ Ke8 31. Qe7# 1-0

[Event "SZKOLNE INDYWIDUALNE MISTRZOSTWA POLSKI "]
[Site "Pokrzywna"]
[Date "2024.??.??"]
[Round "6.5"]
[White "Michniak, Julia"]
[Black "Gorska, Amelia"]
[Result "1-0"]
[WhiteElo "1201"]
[BlackElo "1208"]
[PlyCount "67"]
[EventDate "2024.??.??"]

1. e4 c5 2. Nf3 Nc6 3. d4 cxd4 4. Nxd4 Nf6 5. Nc3 e5 6. Ndb5 d6 7. Bg5 a6 8.
Bxf6 gxf6 9. Na3 b5 10. Nd5 Bg7 11. c3 f5 12. g3 fxe4 13. Bg2 Bb7 14. Bxe4 Rb8
15. Nc2 Ne7 16. Nce3 Nxd5 17. Bxd5 Qd7 18. Bxb7 Qxb7 19. O-O Qd7 20. Qd3 h5 21.
Nf5 Bf8 22. Rad1 Rd8 23. f4 f6 24. fxe5 dxe5 25. Qf3 Qa7+ 26. Kh1 Rxd1 27. Rxd1
Qb6 28. Qd5 Rh7 29. Qa8+ Kf7 30. Rd7+ Kg6 31. Nh4+ Kh6 32. Qxf8+ Kg5 33. Qg8+
Kh6 34. Qg6# 1-0